| 000 | 00875nam a2200265 a 4500 | ||
|---|---|---|---|
| 001 | 000038915 | ||
| 003 | DO-SdBNP | ||
| 005 | 20240216120040.0 | ||
| 008 | 130314s2000 mx 000 0 spa d | ||
| 020 | _a9706611150 | ||
| 040 |
_aBPMSU _bspa _cBPMSU |
||
| 082 | 4 | _bP314m 2002 | |
| 100 | 1 | _aPatrón Luján, Roger. | |
| 245 | 1 | 0 |
_aMúsica : _bconócela y disfrútala _c Roger Patrón Luján, Rodolfo Krieger Vázquez. |
| 246 | 1 | 4 | _aMúsica : conócela y disfrútala. Cómo acercarte a los clásicos fácil e interesante |
| 250 | _a6a. ed. | ||
| 260 |
_a México : _bEDAMEX, _c2000 |
||
| 300 |
_a115 p. ; _c21 cm. |
||
| 500 | _aLo mejor de 144 compositores de todos los tiempos | ||
| 590 | _aInventariado, 2024/VM | ||
| 650 | 4 |
_aMúsicos _vBiografía. |
|
| 700 | 1 |
_aKrieger Vázquez, Rodolfo _eautor |
|
| 910 | _aVMateo V. Control de calidad, BPMSU | ||
| 942 |
_2ddc _cBK |
||
| 999 |
_c14574 _d14574 |
||